Nezávislost versus odpovědnost Evropské centrální banky - existuje řešení?
Analýza nezávislosti národných centrálnych bánk krajín EÚ v kontexte ESCB. Analýza nezávislosti a zodpovednosti ECB. Štruktúra inštitúcií eurozóny. Legitimita politiky ECB. Kritika súčasnej štruktúry ESCB.
Salvato in:
| Autore principale: | |
|---|---|
| Natura: | Capitolo di libro |
| Lingua: | ceco |
| Soggetti: | |
| Tags: |
Nessun Tag, puoi essere il primo ad aggiungerne!!
|
MARC
| LEADER | 00000naa$a2200000$$$4500 | ||
|---|---|---|---|
| 001 | 0035325 | ||
| 005 | 20231019130449.0 | ||
| 041 | 0 | |a cze | |
| 044 | |a CZ | ||
| 245 | 1 | 0 | |a Nezávislost versus odpovědnost Evropské centrální banky - existuje řešení? |c Martin Kvizda |
| 520 | |a Analýza nezávislosti národných centrálnych bánk krajín EÚ v kontexte ESCB. Analýza nezávislosti a zodpovednosti ECB. Štruktúra inštitúcií eurozóny. Legitimita politiky ECB. Kritika súčasnej štruktúry ESCB. | ||
| 610 | 2 | 0 | |a únie menové |
| 610 | 2 | 0 | |a Európska únia |
| 610 | 2 | 0 | |a banky centrálne |
| 610 | 2 | 0 | |a politika fiškálna |
| 610 | 2 | 0 | |a nezávislosť |
| 610 | 2 | 0 | |a legislatíva |
| 610 | 2 | 0 | |a analýza komparatívna |
| 610 | 2 | 0 | |a eurozóna |
| 100 | 1 | |a Kvizda, Martin | |